Online
Catalog

Seguro Nacional de Salud (SENASA). (Record no. 36608)

MARC details
000 -CABECERA
campo de control de longitud fija 01031nas a2200289 i 4500
001 - NÚMERO DE CONTROL
campo de control 000037118
003 - IDENTIFICADOR DEL NÚMERO DE CONTROL
campo de control DO-SdBNP
005 - FECHA Y HORA DE LA ÚLTIMA TRANSACCIÓN
campo de control 20260203150422.0
007 - CAMPO FIJO DE DESCRIPCIÓN FÍSICA--INFORMACIÓN GENERAL
campo de control de longitud fija ta
008 - DATOS DE LONGITUD FIJA--INFORMACIÓN GENERAL
campo de control de longitud fija 120216c2005 dr qr1p|dd || |0spa d
040 ## - FUENTE DE LA CATALOGACIÓN
Centro catalogador/agencia de origen DO-SdBNP
Lengua de catalogación spa
Centro/agencia transcriptor BNPHU
Normas de descripción rda
041 ## - CÓDIGO DE LENGUA
Código de lengua original spa
043 ## - CÓDIGO DE ÁREA GEOGRÁFICA
Código de área geográfica nwdr
110 ## - ENTRADA PRINCIPAL--NOMBRE DE ENTIDAD CORPORATIVA
Nombre de entidad corporativa o nombre de jurisdicción como elemento de entrada Seguro Nacional de Salud (SENASA)
9 (RLIN) 80927
245 00 - MENCIÓN DE TÍTULO
Título Seguro Nacional de Salud (SENASA).
246 ## - FORMA VARIANTE DE TÍTULO
Título propio/Titulo breve Boletín informativo.
264 ## - PRODUCCIÓN, PUBLICACIÓN, DISTRIBUCIÓN, FABRICACIÓN Y COPYRIGHT
Producción, publicación, distribución, fabricación y copyright Santo Domingo, República Dominicana :
Nombre del de productor, editor, distribuidor, fabricante Seguro Nacional de Salud (Senasa),
Fecha de producción, publicación, distribución, fabricación o copyright 2005.
300 ## - DESCRIPCIÓN FÍSICA
Extensión volumen :
Otras características físicas ilustraciones, fotografías ;
Dimensiones 28 cm.
310 ## - PERIODICIDAD ACTUAL
Periodicidad actual Trimestral.
336 ## - TIPO DE CONTENIDO
Término de tipo de contenido texto
Código de tipo de contenido txt
Fuente rdacontent
337 ## - TIPO DE MEDIO
Nombre/término del tipo de medio sin mediación
Código del tipo de medio n
Fuente rdamedia
338 ## - TIPO DE SOPORTE
Nombre/término del tipo de soporte volumen
Código del tipo de soporte nc
Fuente rdacarrier
362 1# - FECHAS DE PUBLICACIÓN Y/O DESIGNACIÓN SECUENCIAL
Fecha de publicación y/o designación secuencial Año 1. no. 3 (octubre-diciembre 2005).
500 ## - NOTA GENERAL
Nota general Catalogación basada en el ejemplar: Año 1. No. 3 (octubre-diciembre 2005).
650 #0 - PUNTO DE ACCESO ADICIONAL DE MATERIA--TÉRMINO DE MATERIA
Término de materia o nombre geográfico como elemento de entrada Seguros de salud
Subdivisión general Boletín informativo
Subdivisión de forma Publicaciones periódicas
Subdivisión geográfica República Dominicana
9 (RLIN) 17539
942 ## - ELEMENTOS DE PUNTO DE ACCESO ADICIONAL (KOHA)
Fuente del sistema de clasificación o colocación Dewey Decimal Classification
Tipo de ítem Koha Publicación periódica
Holdings
Estado de retiro Estado de pérdida Fuente del sistema de clasificación o colocación Estado dañado Restricciones de uso No para préstamo Código de colección Localización permanente Ubicación/localización actual Fecha de adquisición Fuente de adquisición Enumeración/cronología de publicación seriada Número de inventario Total de préstamos Código de barras Fecha visto por última vez Número de copia Precio válido a partir de Tipo de ítem Koha Nota pública
    Dewey Decimal Classification   Préstamo en sala   Hemeroteca Biblioteca Nacional Pedro Henríquez Ureña Biblioteca Nacional Pedro Henríquez Ureña 03.02.2026   Año 3. No. 1 (enero-mayo 2007)     2026-0677 03.02.2026 e.1 03.02.2026 Publicación periódica Listo para iniciar plan servicios de salud.
    Dewey Decimal Classification   Préstamo en sala   Hemeroteca Biblioteca Nacional Pedro Henríquez Ureña Biblioteca Nacional Pedro Henríquez Ureña 03.02.2026   Año 3. No. 1 (enero-mayo 2007)     2026-0678 03.02.2026 e.2 03.02.2026 Publicación periódica Listo para iniciar plan servicios de salud.
    Dewey Decimal Classification   Préstamo en sala   Hemeroteca Biblioteca Nacional Pedro Henríquez Ureña Biblioteca Nacional Pedro Henríquez Ureña 03.02.2026   Año 3. No. 2 (julio-diciermbre 2007)     2026-0679 03.02.2026 e.1 03.02.2026 Publicación periódica Misión cumplida: 1,000,000 de afiliados subsidiados.
    Dewey Decimal Classification   Préstamo en sala   Hemeroteca Biblioteca Nacional Pedro Henríquez Ureña Biblioteca Nacional Pedro Henríquez Ureña 03.02.2026   Año 4. No. 1 (enero-agosto 2008)     2026-0680 03.02.2026 e.1 03.02.2026 Publicación periódica Listos para recibir empleados del estado.
    Dewey Decimal Classification   Préstamo en sala   Hemeroteca Biblioteca Nacional Pedro Henríquez Ureña Biblioteca Nacional Pedro Henríquez Ureña 03.02.2026   Año 4. No. 1 (enero-agosto 2008)     2026-0681 03.02.2026 e.2 03.02.2026 Publicación periódica Listos para recibir empleados del estado.
    Dewey Decimal Classification   Préstamo en sala   Hemeroteca Patrimonio Dominicano Patrimonio Dominicano 16.04.2012 4 Año 1. No. 3 (octubre-diciembre 2005) 201204162012041620111114   37118 08.08.2020 e.1 08.08.2020 Publicación periódica Senasa superó meta del año 2005

Powered by Koha